| 000 | 00511nam a2200169 i 4500 | ||
|---|---|---|---|
| 001 | 87236 | ||
| 003 | ES-MaACL | ||
| 005 | 20230906175625.0 | ||
| 007 | t| | ||
| 008 | 041220s1970 sp ||||1| spa d | ||
| 100 | 1 |
_aKnobler, Nathan. _968357 |
|
| 245 | 1 | 3 |
_aEl diálogo visual / _cNatha Knobler ; traducción, Juan García Puente. |
| 260 |
_a[Madrid] : _bAguilar, _c[1970] |
||
| 300 |
_aX, 342 p., 36 lám. : _bil. ; _c29 cm. |
||
| 700 | 1 |
_aGarcía-Puente, Juan. _955139 |
|
| 852 |
_aES-MaACL _jC-37461 _bR.75841 |
||
| 999 |
_c87236 _d87236 |
||